| 000 | 00732nam a2200217 a 4500 | ||
|---|---|---|---|
| 001 | 1950 | ||
| 003 | CDMR | ||
| 005 | 20151030104202.0 | ||
| 008 | 130130s1986||||||||||||||||||||||||fre|d | ||
| 020 | _a222580723X | ||
| 040 |
_aCDMR _bcat _cCDMR |
||
| 100 | 1 |
_9390 _aMoles, Abraham André |
|
| 245 |
_aThéorie structurale de la communication et société _cAbraham A. Moles ; avec la collaboration de elisabeth Rohmer ; préface de E. Lisle |
||
| 260 |
_aParis [etc.] _bMasson _c1986 |
||
| 300 | _a294 p. | ||
| 490 | 0 | _aCollection Technique et Scientifique des Télécommunications | |
| 650 | 0 | 4 |
_92085 _aComunicació _xTeoria |
| 650 | 0 | 4 |
_94289 _aComunicació _xAspectes socials |
| 650 | 0 | 4 |
_9388 _aComunicació humana |
| 942 |
_cMON _2udc |
||
| 999 |
_c1950 _d1950 |
||